| 000 | 00661nam a2200193Ia 4500 | ||
|---|---|---|---|
| 003 | PILC | ||
| 005 | 20160216082906.0 | ||
| 008 | 140609s9999 xx 000 0 und d | ||
| 020 | _a9780071086813 | ||
| 050 |
_aBF 76.5 _b.Sh46 2012 |
||
| 100 | _aShaughnessy, John J. | ||
| 245 |
_aResearch methods in psychology / _cJohn J. Shaughnessy, Eugene B. Zechmeister, Jeanne S. Zechmeister. |
||
| 250 | _a9th edition. | ||
| 260 |
_aNew York, NY : _bMcGraw-Hill, _c2012. |
||
| 300 |
_a488 p. : _billustrations (some color) ; _c24 cm. |
||
| 500 | _aIncludes bibliographical references, appendices, glossary and index. | ||
| 942 |
_kFOR _cBK _2lcc |
||
| 999 |
_c118231 _d118231 |
||